Užívateľský modul spracovania údajov systému AFIS

Bibliographic Details
Main Author: Pacek, Dušan (Author)
Format: Article
Language:Slovak
Subjects:

MARC

LEADER 00000nab a2200000 a 4500
001 vtls000401984
003 SK-MaSNL
005 20260302231819.0
008 120924c1989 xo 0 slo
015 |a SNBRA19rr/mm-uuuuu 
035 |a CL0402108 
040 |a SNKBUCL  |b slo  |c SNKBUCL  |e AACR2 
041 0 |a slo 
044 |a xo  |c SK 
080 |a 681.3.06:002.6  |2 1981 
080 |a 002.6  |2 1981 
100 1 |a Pacek, Dušan  |4 aut  |9 963149 
245 1 0 |a Užívateľský modul spracovania údajov systému AFIS  |c Dušan Pacek 
650 0 7 |a systémy informačné faktografické automatizované  |2 snkbucl  |9 961158 
655 7 |a články zo zborníkov  |2 snkbucl  |9 166140 
773 0 |t Zavádzanie automatizácie inžinierskych prác v strojárstve  |d Žilina : Dom techniky ČSVTS, 1989 
850 |a Slovenská národná knižnica v Martine  |a MTA001 
852 |a SNK  |b KIS3GCP 
958 |a RK 
992 |a RZB 
999 |c 1540149  |d 1542079